<?xml version="1.0" encoding="UTF-8"?>
<collection xmlns="http://www.loc.gov/MARC21/slim">
 <record>
  <leader>01198nam a22002897a 4500</leader>
  <controlfield tag="001">33840</controlfield>
  <controlfield tag="003">BD-DhAAL</controlfield>
  <controlfield tag="005">20211124120844.0</controlfield>
  <controlfield tag="008">181010t2011    ii ||||| |||| 00| 0 eng d</controlfield>
  <datafield tag="999" ind1=" " ind2=" ">
   <subfield code="c">40121</subfield>
   <subfield code="d">40121</subfield>
  </datafield>
  <datafield tag="020" ind1=" " ind2=" ">
   <subfield code="a">9878189013691</subfield>
  </datafield>
  <datafield tag="040" ind1=" " ind2=" ">
   <subfield code="a">BD-DhAAL</subfield>
  </datafield>
  <datafield tag="082" ind1=" " ind2=" ">
   <subfield code="a">954.92</subfield>
  </datafield>
  <datafield tag="100" ind1=" " ind2=" ">
   <subfield code="a">Akhtar, Shaheen</subfield>
   <subfield code="9">28398</subfield>
  </datafield>
  <datafield tag="245" ind1=" " ind2=" ">
   <subfield code="a">The search /</subfield>
   <subfield code="c">Shaheen Akhtar, translated by Ella Datta ; edited by Shabnam Nadiya</subfield>
  </datafield>
  <datafield tag="260" ind1=" " ind2=" ">
   <subfield code="a">New Delhi :</subfield>
   <subfield code="b">Zubaan,</subfield>
   <subfield code="c">2011</subfield>
  </datafield>
  <datafield tag="300" ind1=" " ind2=" ">
   <subfield code="a">359 pages ;</subfield>
   <subfield code="c">20 cm.</subfield>
  </datafield>
  <datafield tag="526" ind1=" " ind2=" ">
   <subfield code="a">ENH</subfield>
  </datafield>
  <datafield tag="541" ind1=" " ind2=" ">
   <subfield code="a">STS International</subfield>
   <subfield code="e">33840, 33841</subfield>
  </datafield>
  <datafield tag="650" ind1=" " ind2=" ">
   <subfield code="a">English language</subfield>
   <subfield code="9">43047</subfield>
  </datafield>
  <datafield tag="651" ind1=" " ind2=" ">
   <subfield code="a">Bangladesh</subfield>
   <subfield code="x">History</subfield>
   <subfield code="y">Revolution, 1971.</subfield>
   <subfield code="9">28399</subfield>
  </datafield>
  <datafield tag="700" ind1=" " ind2=" ">
   <subfield code="a">Datta, Ella</subfield>
   <subfield code="9">28400</subfield>
  </datafield>
  <datafield tag="700" ind1=" " ind2=" ">
   <subfield code="a">Nadiya, Shabnam </subfield>
   <subfield code="9">28401</subfield>
  </datafield>
  <datafield tag="852" ind1=" " ind2=" ">
   <subfield code="a">Ayesha Abed Library</subfield>
   <subfield code="c">General Stacks</subfield>
  </datafield>
  <datafield tag="942" ind1=" " ind2=" ">
   <subfield code="2">ddc</subfield>
   <subfield code="c">BK</subfield>
  </datafield>
  <datafield tag="952" ind1=" " ind2=" ">
   <subfield code="0">0</subfield>
   <subfield code="1">0</subfield>
   <subfield code="2">ddc</subfield>
   <subfield code="4">0</subfield>
   <subfield code="6">954_920000000000000_AKH</subfield>
   <subfield code="7">0</subfield>
   <subfield code="9">64446</subfield>
   <subfield code="a">BRACUL</subfield>
   <subfield code="b">BRACUL</subfield>
   <subfield code="c">GEN</subfield>
   <subfield code="d">2018-10-10</subfield>
   <subfield code="e">STS International</subfield>
   <subfield code="g">625.00</subfield>
   <subfield code="l">1</subfield>
   <subfield code="o">954.92 AKH</subfield>
   <subfield code="p">3010033840</subfield>
   <subfield code="r">2019-01-08</subfield>
   <subfield code="s">2018-10-10</subfield>
   <subfield code="t">1</subfield>
   <subfield code="v">625.00</subfield>
   <subfield code="w">2018-10-10</subfield>
   <subfield code="y">BK</subfield>
  </datafield>
  <datafield tag="952" ind1=" " ind2=" ">
   <subfield code="0">0</subfield>
   <subfield code="1">0</subfield>
   <subfield code="2">ddc</subfield>
   <subfield code="4">0</subfield>
   <subfield code="6">954_920000000000000_AKH</subfield>
   <subfield code="7">0</subfield>
   <subfield code="9">64447</subfield>
   <subfield code="a">BRACUL</subfield>
   <subfield code="b">BRACUL</subfield>
   <subfield code="c">GEN</subfield>
   <subfield code="d">2018-10-10</subfield>
   <subfield code="e">STS International</subfield>
   <subfield code="g">625.00</subfield>
   <subfield code="l">3</subfield>
   <subfield code="m">7</subfield>
   <subfield code="o">954.92 AKH</subfield>
   <subfield code="p">3010033841</subfield>
   <subfield code="r">2024-01-29</subfield>
   <subfield code="s">2023-10-25</subfield>
   <subfield code="t">2</subfield>
   <subfield code="v">625.00</subfield>
   <subfield code="w">2018-10-10</subfield>
   <subfield code="y">BK</subfield>
  </datafield>
 </record>
</collection>
